00305nam a2200121Ia 4500008004100000100002200041245003400063260003400097300001000131650001800141942000700159999001700166190216s9999||||xx |||||||||||||| ||und|| aJames Edgar Swain 0aLokanagarikatayute Charithram bKerala Bhasha Institutec1975 a1082p aWorld History cBK c38580d38580